Ο μπαλτάς και άλλες ιστορίες
Αποθηκεύτηκε σε:
| Κύριος συγγραφέας: | |
|---|---|
| Μορφή: | Βιβλίο |
| Γλώσσα: | Greek |
| Δημοσίευση: |
Αθήνα :
Τόπος,
c2009.
|
| Σειρά: | Λογοτεχνία. Cult stories.
|
| Θέματα: | |
| Ετικέτες: |
Προσθήκη ετικέτας
Δεν υπάρχουν, Καταχωρήστε ετικέτα πρώτοι!
|
MARC
| LEADER | 00000cam a2200000 a 4500 | ||
|---|---|---|---|
| 001 | 1/125179 | ||
| 008 | 220704s2009####gr | ||| |||| ||gre|| | ||
| 020 | |a 9789606760976 | ||
| 040 | |a GR-MyUa |b gre |c GR-MyUa |e AACR2 | ||
| 041 | 0 | |a gre | |
| 082 | 7 | |a 889.3 |2 (23) | |
| 100 | 1 | |a Σκρουμπέλος, Θανάσης, |d 1944- | |
| 245 | 1 | 2 | |a Ο μπαλτάς και άλλες ιστορίες / |c Θανάσης Σκρουμπέλος. |
| 260 | |a Αθήνα : |b Τόπος, |c c2009. | ||
| 300 | |a 194, 15 σ. ; |c 20 εκ. | ||
| 490 | 1 | |a (Λογοτεχνία. Cult stories) | |
| 650 | 0 | |a Greek fiction. | |
| 830 | 0 | |a Λογοτεχνία. |p Cult stories. | |